| 000 | 00359nam a22001337a 4500 | ||
|---|---|---|---|
| 020 | _qPB. | ||
| 040 | _cFIZZA ISHAQ | ||
| 082 |
_a808.831 _bRIC |
||
| 100 |
_aBAUSCH,RICHARD. _9133487 |
||
| 245 |
_aTHE NORTON ANTHOLOGY OF SHORT FICTION / _cRICHARD BAUSCH. |
||
| 260 |
_aNEW YORK ; _bNORTON & COMPANY, _c2006. |
||
| 300 |
_a1734 P. ; _c9X5.9IN |
||
| 942 |
_2ddc _cBK |
||
| 999 |
_c616450 _d616450 |
||